|
|
|
|
| LEADER |
00000nam a2200000 a 4500 |
| 001 |
UCQ5626 |
| 003 |
CL-VaPUC |
| 008 |
981002e19780000SP |||||||||||||||||spa|d |
| 082 |
0 |
4 |
|a 863
|b FER
|2 21
|
| 100 |
0 |
|
|a Fernández de la Reguera
|e author
|9 419680
|
| 245 |
1 |
0 |
|a Cuando voy a morir
|
| 300 |
|
|
|a 251 p
|
| 942 |
|
|
|c BK
|
| 945 |
|
|
|d 19981002 00:00:00
|a crobeson
|
| 260 |
|
|
|a Barcelona
|b G.P
|c 1978
|
| 650 |
|
0 |
|a Novelas españolas
|9 265052
|
| 650 |
|
0 |
|a Literatura española
|9 306261
|
| 583 |
|
|
|a last modification
|c 19981002 00:00:00
|k Rodrigo Vera
|
| 999 |
|
|
|c 275831
|d 275829
|
| 952 |
|
|
|0 0
|1 0
|4 0
|6 863_000000000000000_FER_1978
|7 0
|8 A
|9 312675
|a BIBEDU
|b BIBEDU
|d 2019-11-20
|i 1475282
|o 863 FER 1978
|p 1475282
|r 2019-11-20
|w 2019-11-20
|y BK
|k LIT
|